000 00739cam a22002534a 4500
001 15978597
003 OSt
005 20180507150455.0
008 091109s2008 njua b 001 0 eng
010 _a 2009497230
020 _a9781292025827
040 _aDLC
_cDLC
042 _apcc
082 _2005.74
_bULL 2014
100 1 _aUllman, Jeffrey D.; Widom, Jennifer.
_d1942-
_92142
245 1 2 _aA First Course in Database Systems
250 _a3rd ed.
260 _aNew Jersay;
_bPearson,
_c2008.
300 _axxi, 565 p. :
_bill. ;
_c24 cm.
504 _aIncludes bibliographical references and index.
650 0 _aDatabase management system
_9508
906 _a7
_bcbc
_corigcop
_d2
_eocip
_f20
_gy-gencatlg
942 _2ddc
_cO_SHELF
999 _c6002
_d6002